Correctly Spelled US States - Sudden Death - Statistics

General Stats
  • This quiz has been taken 112 times
    108 since last reset
  • The average score is 15 of 25
Answers on the Grid
Answers color-coded by a green-red scale on the quiz's grid according to % correct below.
Mississipi
Flourida
West Virginia
Massachusets
Rode Island
California
Nevada
Oklohoma
Pennslyvania
Oregon
New Jersey
Texas
Illinoise
Arkansaw
Kansas
Nebraska
Albama
Kentucky
Tennesee
Ohio
Main
Veremont
New Hampshire
Connecticut
New Mexco
Virginia
Geogia
Washinton
South Caralina
Delaware
Louisiana
Alaska
North Dokota
South Dakota
Indiania
Iowa
Maryland
Misouri
Minesota
Wisconsin
Mitchigan
Utaw
Arizona
New York
Wioming
Colourado
Montana
Idaho
Hawai
North Carolina
 
Answer Stats
Answer % Correct
West Virginia
87%
Nevada
83%
California
81%
Kansas
65%
New Jersey
65%
Kentucky
63%
Oregon
63%
Texas
62%
Ohio
60%
Maryland
59%
Nebraska
59%
Delaware
57%
Virginia
56%
Alaska
54%
Louisiana
54%
South Dakota
54%
Idaho
52%
New Hampshire
52%
New York
52%
North Carolina
52%
Iowa
51%
Wisconsin
49%
Arizona
48%
Connecticut
48%
Montana
48%
No matching quizzes found
Score Distribution
Percent of People with Each Score
Percentile by Number Answered
Your Score History
You have not taken this quiz since the last reset